| 000 | 00632nam a2200181 i 4500 | ||
|---|---|---|---|
| 001 | 22204 | ||
| 003 | ES-MaACL | ||
| 005 | 20250721063429.0 | ||
| 007 | t| | ||
| 008 | 021129s1952 sp ||||1| spa d | ||
| 100 | 1 |
_aAlfonso, Eduardo, _d1896-1991 _919848 |
|
| 245 | 1 | 3 |
_aEl Egipto faraónico _b: Exégesis de su vida, historia, filosofía, religión y arte / _cpor Eduardo Alfonso. |
| 250 | _a2ª ed. corr. y amp. de "EL Egipto misterioso". | ||
| 260 |
_aMadrid : _bCultura Clásica y Moderna, _c1952. |
||
| 300 |
_a248 p. 45 lám. : _bil. ; _c22 cm. |
||
| 852 |
_aES-MaACL _jD-8062 _bR.32319 |
||
| 999 |
_c22204 _d22204 |
||